[Event "DEM U14 2025"]
[Site "Willingen GER"]
[Date "2025.06.09"]
[Round "3"]
[White "Herrmann, Arthur"]
[Black "Nemitz, Alfred"]
[Result "1/2-1/2"]
[Termination "normal"]
[Board "1"]
[BlackTitle "FM"]
[WhiteElo "2089"]
[BlackElo "2315"]
[WhiteClock "00:03:51"]
[BlackClock "00:12:35"]
[PlyCount "156"]
[WhiteFideId "16287150"]
[BlackFideId "34601791"]
[EventCountry "GER"]
[EventRounds "9"]
[EventType "swiss"]
[EventDate "2025.06.07"]

1. e4 {[%clk 01:30:54]} {[%emt 00:00:05]} e5 {[%clk 01:30:59]} {[%emt
00:00:02]} 2. Nf3 {[%clk 01:31:18]} {[%emt 00:00:06]} Nc6 {[%clk 01:31:25]}
{[%emt 00:00:03]} 3. Bb5 {[%clk 01:31:43]} {[%emt 00:00:05]} a6 {[%clk
01:31:52]} {[%emt 00:00:03]} 4. Ba4 {[%clk 01:32:10]} {[%emt 00:00:04]} Nf6
{[%clk 01:32:19]} {[%emt 00:00:03]} 5. d3 {[%clk 01:32:35]} {[%emt 00:00:04]}
b5 {[%clk 01:32:45]} {[%emt 00:00:05]} 6. Bb3 {[%clk 01:32:58]} {[%emt
00:00:07]} Bc5 {[%clk 01:33:11]} {[%emt 00:00:03]} 7. c3 {[%clk 01:32:56]}
{[%emt 00:00:33]} d6 {[%clk 01:33:37]} {[%emt 00:00:04]} 8. Bg5 {[%clk
01:32:47]} {[%emt 00:00:39]} Bb7 {[%clk 01:28:37]} {[%emt 00:05:27]} 9. Nbd2
{[%clk 01:29:09]} {[%emt 00:04:10]} h6 {[%clk 01:28:45]} {[%emt 00:00:22]} 10.
Bh4 {[%clk 01:28:34]} {[%emt 00:01:05]} Qe7 {[%clk 01:27:43]} {[%emt 00:01:31]}
11. a4 {[%clk 01:24:07]} {[%emt 00:04:59]} O-O-O {[%clk 01:22:32]} {[%emt
00:05:40]} 12. axb5 {[%clk 01:20:11]} {[%emt 00:04:27]} axb5 {[%clk 01:22:51]}
{[%emt 00:00:10]} 13. Qe2 {[%clk 00:54:03]} {[%emt 00:26:38]} g5 {[%clk
01:17:35]} {[%emt 00:05:46]} 14. Bg3 {[%clk 00:54:18]} {[%emt 00:00:15]} Bb6
{[%clk 01:13:55]} {[%emt 00:04:10]} 15. Nf1 {[%clk 00:46:39]} {[%emt 00:08:10]}
Qe8 {[%clk 00:21:25]} {[%emt 00:53:00]} 16. Ne3 {[%clk 00:41:15]} {[%emt
00:05:53]} Ne7 {[%clk 00:20:50]} {[%emt 00:01:05]} 17. Nd2 {[%clk 00:30:26]}
{[%emt 00:11:20]} Ng6 {[%clk 00:20:09]} {[%emt 00:01:10]} 18. Nf5 {[%clk
00:26:49]} {[%emt 00:04:07]} d5 {[%clk 00:17:44]} {[%emt 00:02:55]} 19. O-O-O
{[%clk 00:20:51]} {[%emt 00:06:29]} b4 {[%clk 00:15:59]} {[%emt 00:02:15]} 20.
c4 {[%clk 00:18:23]} {[%emt 00:02:58]} dxe4 {[%clk 00:15:53]} {[%emt 00:00:35]}
21. Nxe4 {[%clk 00:16:44]} {[%emt 00:02:09]} Qe6 {[%clk 00:11:17]} {[%emt
00:05:06]} 22. Ng7 {[%clk 00:06:47]} {[%emt 00:10:27]} Qc6 {[%clk 00:11:13]}
{[%emt 00:00:34]} 23. f3 {[%clk 00:06:00]} {[%emt 00:01:17]} Nf4 {[%clk
00:10:31]} {[%emt 00:01:12]} 24. Bxf4 {[%clk 00:06:07]} {[%emt 00:00:23]} exf4
{[%clk 00:08:21]} {[%emt 00:02:40]} 25. g4 {[%clk 00:04:51]} {[%emt 00:01:46]}
Nxe4 {[%clk 00:02:19]} {[%emt 00:06:32]} 26. dxe4 {[%clk 00:04:32]} {[%emt
00:00:49]} Qc5 {[%clk 00:02:15]} {[%emt 00:00:34]} 27. Nf5 {[%clk 00:04:32]}
{[%emt 00:00:30]} Kb8 {[%clk 00:02:10]} {[%emt 00:00:35]} 28. h3 {[%clk
00:03:23]} {[%emt 00:01:39]} h5 {[%clk 00:01:43]} {[%emt 00:00:57]} 29. Rxd8+
{[%clk 00:02:51]} {[%emt 00:01:03]} Rxd8 {[%clk 00:02:11]} {[%emt 00:00:02]}
30. Rd1 {[%clk 00:03:00]} {[%emt 00:00:20]} Rxd1+ {[%clk 00:01:06]} {[%emt
00:01:36]} 31. Qxd1 {[%clk 00:03:21]} {[%emt 00:00:08]} hxg4 {[%clk 00:01:24]}
{[%emt 00:00:12]} 32. hxg4 {[%clk 00:03:43]} {[%emt 00:00:09]} Qf2 {[%clk
00:01:26]} {[%emt 00:00:26]} 33. Bc2 {[%clk 00:02:24]} {[%emt 00:01:50]} Be3+
{[%clk 00:00:41]} {[%emt 00:01:16]} 34. Kb1 {[%clk 00:02:50]} {[%emt 00:00:04]}
Bd2 {[%clk 00:00:48]} {[%emt 00:00:22]} 35. Bd3 {[%clk 00:02:28]} {[%emt
00:00:52]} Bc6 {[%clk 00:00:52]} {[%emt 00:00:26]} 36. Qe2 {[%clk 00:01:50]}
{[%emt 00:01:08]} Qg1+ {[%clk 00:01:00]} {[%emt 00:00:22]} 37. Qf1 {[%clk
00:02:15]} {[%emt 00:00:05]} Qc5 {[%clk 00:01:06]} {[%emt 00:00:24]} 38. Qe2
{[%clk 00:02:18]} {[%emt 00:00:27]} Qg1+ {[%clk 00:00:52]} {[%emt 00:00:44]}
39. Qf1 {[%clk 00:02:45]} {[%emt 00:00:04]} Qc5 {[%clk 00:00:40]} {[%emt
00:00:42]} 40. Qe2 {[%clk 00:02:49]} {[%emt 00:00:25]} Be3 {[%clk 00:01:09]}
{[%emt 00:00:02]} 41. Bc2 {[%clk 00:24:08]} {[%emt 00:09:10]} Kc8 {[%clk
00:28:52]} {[%emt 00:02:46]} 42. Qd3 {[%clk 00:22:03]} {[%emt 00:02:36]} Bf2
{[%clk 00:25:37]} {[%emt 00:03:43]} 43. Bd1 {[%clk 00:20:56]} {[%emt 00:01:38]}
Qe5 {[%clk 00:24:37]} {[%emt 00:01:30]} 44. Bc2 {[%clk 00:19:58]} {[%emt
00:01:29]} Bc5 {[%clk 00:24:20]} {[%emt 00:00:45]} 45. Bd1 {[%clk 00:18:22]}
{[%emt 00:02:08]} Qh8 {[%clk 00:24:05]} {[%emt 00:00:44]} 46. Bc2 {[%clk
00:17:34]} {[%emt 00:01:19]} Qh2 {[%clk 00:21:54]} {[%emt 00:02:40]} 47. Bd1
{[%clk 00:16:37]} {[%emt 00:01:28]} Qf2 {[%clk 00:21:53]} {[%emt 00:00:29]} 48.
Qe2 {[%clk 00:11:46]} {[%emt 00:05:23]} Qg1 {[%clk 00:22:15]} {[%emt 00:00:07]}
49. Ka2 {[%clk 00:09:23]} {[%emt 00:02:54]} Qh1 {[%clk 00:13:14]} {[%emt
00:09:30]} 50. Bc2 {[%clk 00:09:01]} {[%emt 00:00:53]} Qh8 {[%clk 00:11:11]}
{[%emt 00:02:32]} 51. Qd3 {[%clk 00:09:05]} {[%emt 00:00:27]} Qf6 {[%clk
00:11:25]} {[%emt 00:00:15]} 52. Kb1 {[%clk 00:08:45]} {[%emt 00:00:51]} Bb7
{[%clk 00:11:26]} {[%emt 00:00:28]} 53. Ba4 {[%clk 00:08:13]} {[%emt 00:01:03]}
c6 {[%clk 00:11:43]} {[%emt 00:00:12]} 54. Bb3 {[%clk 00:07:42]} {[%emt
00:01:02]} Kc7 {[%clk 00:12:08]} {[%emt 00:00:05]} 55. Ka2 {[%clk 00:07:42]}
{[%emt 00:00:30]} Bc8 {[%clk 00:12:32]} {[%emt 00:00:06]} 56. Qe2 {[%clk
00:05:36]} {[%emt 00:02:36]} Qh8 {[%clk 00:12:25]} {[%emt 00:00:36]} 57. Qd3
{[%clk 00:04:10]} {[%emt 00:01:57]} Be6 {[%clk 00:12:42]} {[%emt 00:00:12]} 58.
Kb1 {[%clk 00:04:04]} {[%emt 00:00:36]} Qh1+ {[%clk 00:13:05]} {[%emt
00:00:08]} 59. Ka2 {[%clk 00:04:17]} {[%emt 00:00:17]} Qg1 {[%clk 00:12:06]}
{[%emt 00:01:28]} 60. Ng7 {[%clk 00:04:09]} {[%emt 00:00:39]} Bd7 {[%clk
00:12:11]} {[%emt 00:00:24]} 61. Nf5 {[%clk 00:04:06]} {[%emt 00:00:34]} Qc1
{[%clk 00:11:36]} {[%emt 00:01:05]} 62. Qd1 {[%clk 00:03:03]} {[%emt 00:01:33]}
Qxd1 {[%clk 00:10:31]} {[%emt 00:01:35]} 63. Bxd1 {[%clk 00:03:32]} {[%emt
00:00:01]} Kb6 {[%clk 00:09:33]} {[%emt 00:01:28]} 64. Kb3 {[%clk 00:02:47]}
{[%emt 00:01:14]} Be6 {[%clk 00:09:31]} {[%emt 00:00:32]} 65. Ng7 {[%clk
00:02:42]} {[%emt 00:00:35]} Bc8 {[%clk 00:09:35]} {[%emt 00:00:27]} 66. Kc2
{[%clk 00:02:44]} {[%emt 00:00:28]} Bf2 {[%clk 00:09:15]} {[%emt 00:00:48]} 67.
Kd3 {[%clk 00:02:06]} {[%emt 00:01:09]} Kc5 {[%clk 00:09:38]} {[%emt 00:00:07]}
68. b3 {[%clk 00:02:01]} {[%emt 00:00:36]} Kd6 {[%clk 00:09:48]} {[%emt
00:00:19]} 69. Nf5+ {[%clk 00:02:16]} {[%emt 00:00:15]} Ke5 {[%clk 00:10:09]}
{[%emt 00:00:09]} 70. Be2 {[%clk 00:02:21]} {[%emt 00:00:26]} Bc5 {[%clk
00:10:06]} {[%emt 00:00:32]} 71. Bd1 {[%clk 00:02:37]} {[%emt 00:00:15]} Be6
{[%clk 00:10:28]} {[%emt 00:00:07]} 72. Be2 {[%clk 00:02:47]} {[%emt 00:00:20]}
Bf8 {[%clk 00:10:47]} {[%emt 00:00:11]} 73. Bd1 {[%clk 00:02:57]} {[%emt
00:00:20]} Bc8 {[%clk 00:10:58]} {[%emt 00:00:19]} 74. Be2 {[%clk 00:03:09]}
{[%emt 00:00:19]} c5 {[%clk 00:11:22]} {[%emt 00:00:05]} 75. Bd1 {[%clk
00:03:14]} {[%emt 00:00:25]} Ke6 {[%clk 00:11:47]} {[%emt 00:00:05]} 76. Be2
{[%clk 00:03:31]} {[%emt 00:00:13]} Kd7 {[%clk 00:11:59]} {[%emt 00:00:18]} 77.
Bd1 {[%clk 00:03:39]} {[%emt 00:00:22]} Ke8 {[%clk 00:12:16]} {[%emt 00:00:12]}
78. Be2 {[%clk 00:03:51]} {[%emt 00:00:20]} Kd8 {[%clk 00:12:35]} {[%emt
00:00:10]} 1/2-1/2

[Event "DEM U14 2025"]
[Site "Willingen GER"]
[Date "2025.06.09"]
[Round "3"]
[White "Nguyen, Thanh An"]
[Black "Mohylnyi, Stepan"]
[Result "1-0"]
[Termination "normal"]
[Board "2"]
[BlackTitle "FM"]
[WhiteElo "2041"]
[BlackElo "2314"]
[WhiteClock "00:46:38"]
[BlackClock "00:13:07"]
[PlyCount "113"]
[WhiteFideId "34627804"]
[BlackFideId "34127836"]
[EventCountry "GER"]
[EventRounds "9"]
[EventType "swiss"]
[EventDate "2025.06.07"]

1. d4 {[%clk 01:30:58]} {[%emt 00:00:02]} Nf6 {[%clk 01:30:56]} {[%emt
00:00:04]} 2. c4 {[%clk 01:31:25]} {[%emt 00:00:03]} g6 {[%clk 01:31:24]}
{[%emt 00:00:02]} 3. Nc3 {[%clk 01:31:52]} {[%emt 00:00:03]} d5 {[%clk
01:31:24]} {[%emt 00:00:31]} 4. cxd5 {[%clk 01:32:15]} {[%emt 00:00:06]} Nxd5
{[%clk 01:31:51]} {[%emt 00:00:03]} 5. e4 {[%clk 01:32:21]} {[%emt 00:00:24]}
Nxc3 {[%clk 01:32:17]} {[%emt 00:00:04]} 6. bxc3 {[%clk 01:32:48]} {[%emt
00:00:02]} Bg7 {[%clk 01:32:43]} {[%emt 00:00:04]} 7. Be3 {[%clk 01:33:15]}
{[%emt 00:00:04]} c5 {[%clk 01:33:10]} {[%emt 00:00:03]} 8. Qd2 {[%clk
01:33:41]} {[%emt 00:00:03]} O-O {[%clk 01:33:16]} {[%emt 00:00:24]} 9. Nf3
{[%clk 01:33:34]} {[%emt 00:00:37]} cxd4 {[%clk 01:31:48]} {[%emt 00:02:00]}
10. cxd4 {[%clk 01:33:05]} {[%emt 00:00:58]} Nc6 {[%clk 01:32:14]} {[%emt
00:00:04]} 11. Rd1 {[%clk 01:32:23]} {[%emt 00:01:11]} Bg4 {[%clk 01:26:49]}
{[%emt 00:05:55]} 12. Be2 {[%clk 01:28:49]} {[%emt 00:04:04]} Bxf3 {[%clk
01:14:22]} {[%emt 00:12:57]} 13. gxf3 {[%clk 01:22:41]} {[%emt 00:06:38]} e5
{[%clk 01:14:12]} {[%emt 00:00:40]} 14. dxe5 {[%clk 01:21:01]} {[%emt
00:02:10]} Bxe5 {[%clk 01:11:39]} {[%emt 00:03:03]} 15. Qxd8 {[%clk 01:19:00]}
{[%emt 00:02:31]} Rfxd8 {[%clk 01:11:30]} {[%emt 00:00:39]} 16. O-O {[%clk
01:18:22]} {[%emt 00:01:08]} Bd4 {[%clk 00:56:48]} {[%emt 00:15:12]} 17. Bb5
{[%clk 01:08:01]} {[%emt 00:10:52]} Ne5 {[%clk 00:54:25]} {[%emt 00:02:52]} 18.
Kg2 {[%clk 01:01:17]} {[%emt 00:07:14]} Bxe3 {[%clk 00:53:11]} {[%emt
00:01:45]} 19. fxe3 {[%clk 01:01:07]} {[%emt 00:00:40]} Rac8 {[%clk 00:53:31]}
{[%emt 00:00:09]} 20. Rxd8+ {[%clk 00:52:47]} {[%emt 00:08:50]} Rxd8 {[%clk
00:52:27]} {[%emt 00:01:34]} 21. Rf2 {[%clk 00:52:00]} {[%emt 00:01:17]} a6
{[%clk 00:50:57]} {[%emt 00:02:01]} 22. Bf1 {[%clk 00:51:07]} {[%emt 00:01:22]}
Rd1 {[%clk 00:48:39]} {[%emt 00:02:48]} 23. Be2 {[%clk 00:45:53]} {[%emt
00:05:44]} Rc1 {[%clk 00:44:01]} {[%emt 00:05:08]} 24. f4 {[%clk 00:43:25]}
{[%emt 00:02:58]} Nc6 {[%clk 00:40:40]} {[%emt 00:03:51]} 25. Bf3 {[%clk
00:42:54]} {[%emt 00:00:59]} Nb4 {[%clk 00:39:21]} {[%emt 00:01:50]} 26. Rb2
{[%clk 00:40:09]} {[%emt 00:03:15]} a5 {[%clk 00:39:48]} {[%emt 00:00:04]} 27.
e5 {[%clk 00:37:25]} {[%emt 00:03:14]} b6 {[%clk 00:38:54]} {[%emt 00:01:25]}
28. Be2 {[%clk 00:36:56]} {[%emt 00:00:58]} Rc3 {[%clk 00:34:54]} {[%emt
00:04:29]} 29. Kf2 {[%emt 00:16:13]} Nd5 {[%clk 00:26:51]} 30. Bf3 {[%clk
00:26:04]} {[%emt 00:04:12]} Nxe3 {[%clk 00:22:20]} {[%emt 00:05:01]} 31. Rxb6
{[%clk 00:25:18]} {[%emt 00:01:16]} Nf5 {[%clk 00:22:42]} {[%emt 00:00:08]} 32.
Bd5 {[%clk 00:21:40]} {[%emt 00:04:08]} Rc2+ {[%clk 00:14:01]} {[%emt
00:09:11]} 33. Kf3 {[%clk 00:19:39]} {[%emt 00:02:30]} Rc3+ {[%clk 00:14:16]}
{[%emt 00:00:16]} 34. Ke2 {[%clk 00:18:16]} {[%emt 00:01:52]} Rc2+ {[%clk
00:13:37]} {[%emt 00:01:10]} 35. Kd3 {[%clk 00:18:31]} {[%emt 00:00:16]} Rxh2
{[%clk 00:13:48]} {[%emt 00:00:18]} 36. Rb8+ {[%clk 00:18:41]} {[%emt
00:00:20]} Kg7 {[%clk 00:14:14]} {[%emt 00:00:03]} 37. Rb7 {[%clk 00:19:09]}
{[%emt 00:00:03]} Rh3+ {[%clk 00:13:30]} {[%emt 00:01:14]} 38. Kd2 {[%clk
00:18:49]} {[%emt 00:00:49]} Rh2+ {[%clk 00:12:56]} {[%emt 00:01:05]} 39. Kc3
{[%clk 00:19:06]} {[%emt 00:00:12]} Rh3+ {[%clk 00:09:54]} {[%emt 00:03:33]}
40. Kb2 {[%clk 00:19:31]} {[%emt 00:00:05]} Rh4 {[%clk 00:01:07]} {[%emt
00:09:17]} 41. Rxf7+ {[%clk 00:14:54]} {[%emt 00:05:06]} Kh6 {[%clk 00:01:30]}
{[%emt 00:00:08]} 42. e6 {[%clk 00:14:05]} {[%emt 00:01:19]} Rxf4 {[%clk
00:01:53]} {[%emt 00:00:07]} 43. Kc3 {[%clk 00:13:28]} {[%emt 00:01:06]} Rf1
{[%clk 00:22:13]} {[%emt 00:10:11]} 44. Kd2 {[%clk 00:42:53]} {[%emt 00:01:04]}
Rf2+ {[%clk 00:22:38]} {[%emt 00:00:05]} 45. Ke1 {[%clk 00:43:13]} {[%emt
00:00:09]} Rc2 {[%clk 00:22:28]} {[%emt 00:00:41]} 46. Rxf5 {[%clk 00:43:33]}
{[%emt 00:00:12]} gxf5 {[%clk 00:22:39]} {[%emt 00:00:19]} 47. e7 {[%clk
00:44:00]} {[%emt 00:00:02]} Rc8 {[%clk 00:22:35]} {[%emt 00:00:33]} 48. Bf7
{[%clk 00:44:27]} {[%emt 00:00:04]} Kg5 {[%clk 00:20:00]} {[%emt 00:03:05]} 49.
e8=Q {[%clk 00:44:53]} {[%emt 00:00:04]} Rxe8+ {[%clk 00:20:27]} {[%emt
00:00:03]} 50. Bxe8 {[%clk 00:45:17]} {[%emt 00:00:06]} h5 {[%clk 00:17:43]}
{[%emt 00:03:14]} 51. Kf2 {[%clk 00:45:02]} {[%emt 00:00:45]} Kg4 {[%clk
00:17:50]} {[%emt 00:00:23]} 52. Ba4 {[%clk 00:45:14]} {[%emt 00:00:17]} h4
{[%clk 00:16:32]} {[%emt 00:01:49]} 53. Kg2 {[%clk 00:45:22]} {[%emt 00:00:22]}
Kf4 {[%clk 00:14:47]} {[%emt 00:02:14]} 54. Kh3 {[%clk 00:45:45]} {[%emt
00:00:08]} Ke3 {[%clk 00:13:47]} {[%emt 00:01:30]} 55. Kxh4 {[%clk 00:46:06]}
{[%emt 00:00:08]} f4 {[%clk 00:14:09]} {[%emt 00:00:09]} 56. Bc6 {[%clk
00:46:11]} {[%emt 00:00:24]} f3 {[%clk 00:13:07]} {[%emt 00:01:33]} 57. Kg3
{[%clk 00:46:38]} {[%emt 00:00:03]} 1-0

[Event "DEM U14 2025"]
[Site "Willingen GER"]
[Date "2025.06.09"]
[Round "3"]
[White "Albrecht, Neil"]
[Black "Vranckx, Oscar"]
[Result "1-0"]
[Termination "normal"]
[Board "3"]
[WhiteElo "2131"]
[BlackElo "2018"]
[WhiteClock "00:04:51"]
[BlackClock "01:24:16"]
[PlyCount "120"]
[WhiteFideId "34621091"]
[BlackFideId "34608788"]
[EventCountry "GER"]
[EventRounds "9"]
[EventType "swiss"]
[EventDate "2025.06.07"]

1. e4 {[%clk 01:30:50]} {[%emt 00:00:09]} c5 {[%clk 01:30:48]} {[%emt
00:00:14]} 2. Nf3 {[%clk 01:31:01]} {[%emt 00:00:19]} Nc6 {[%clk 01:31:09]}
{[%emt 00:00:09]} 3. d4 {[%clk 01:31:25]} {[%emt 00:00:06]} cxd4 {[%clk
01:31:21]} {[%emt 00:00:17]} 4. Nxd4 {[%clk 01:31:46]} {[%emt 00:00:09]} e5
{[%clk 01:31:40]} {[%emt 00:00:12]} 5. Nb5 {[%clk 01:31:46]} {[%emt 00:00:29]}
d6 {[%clk 01:31:58]} {[%emt 00:00:12]} 6. c4 {[%clk 01:31:27]} {[%emt
00:00:49]} g6 {[%clk 01:31:36]} {[%emt 00:00:53]} 7. Bd3 {[%clk 01:30:47]}
{[%emt 00:01:10]} Be6 {[%clk 01:31:47]} {[%emt 00:00:19]} 8. O-O {[%clk
01:30:03]} {[%emt 00:01:12]} a6 {[%clk 01:31:03]} {[%emt 00:01:15]} 9. N5c3
{[%clk 01:30:07]} {[%emt 00:00:25]} Bg7 {[%clk 01:31:11]} {[%emt 00:00:23]} 10.
Nd5 {[%clk 01:28:08]} {[%emt 00:02:29]} Nf6 {[%clk 01:30:36]} {[%emt 00:01:05]}
11. Nbc3 {[%clk 01:27:40]} {[%emt 00:00:58]} O-O {[%clk 01:30:25]} {[%emt
00:00:40]} 12. Bg5 {[%clk 01:15:01]} {[%emt 00:13:09]} Nd4 {[%clk 01:27:13]}
{[%emt 00:03:43]} 13. f4 {[%clk 01:07:07]} {[%emt 00:08:24]} Bxd5 {[%clk
01:27:03]} {[%emt 00:00:40]} 14. Nxd5 {[%clk 01:06:09]} {[%emt 00:01:28]} Ne6
{[%clk 01:26:37]} {[%emt 00:00:57]} 15. fxe5 {[%clk 01:04:58]} {[%emt
00:01:40]} Nxg5 {[%clk 01:26:29]} {[%emt 00:00:38]} 16. exf6 {[%clk 01:05:04]}
{[%emt 00:00:24]} Bh6 {[%clk 01:26:55]} {[%emt 00:00:05]} 17. Qg4 {[%clk
00:46:43]} {[%emt 00:18:50]} Ne6 {[%clk 01:26:44]} {[%emt 00:00:40]} 18. Qh3
{[%clk 00:38:05]} {[%emt 00:09:09]} Bg5 {[%clk 01:26:18]} {[%emt 00:00:56]} 19.
e5 {[%clk 00:35:49]} {[%emt 00:02:46]} Nc5 {[%clk 01:21:44]} {[%emt 00:05:03]}
20. b4 {[%clk 00:26:51]} {[%emt 00:09:29]} Nxd3 {[%clk 01:21:49]} {[%emt
00:00:25]} 21. Qxd3 {[%clk 00:27:15]} {[%emt 00:00:06]} dxe5 {[%clk 01:21:56]}
{[%emt 00:00:23]} 22. Qg3 {[%clk 00:22:56]} {[%emt 00:04:49]} h6 {[%clk
01:20:21]} {[%emt 00:02:06]} 23. Rad1 {[%clk 00:18:06]} {[%emt 00:05:19]} Qb8
{[%clk 01:17:07]} {[%emt 00:03:44]} 24. h4 {[%clk 00:12:49]} {[%emt 00:05:47]}
Qa7+ {[%clk 01:16:10]} {[%emt 00:01:27]} 25. c5 {[%clk 00:11:41]} {[%emt
00:01:39]} Bf4 {[%clk 01:16:17]} {[%emt 00:00:23]} 26. Nxf4 {[%clk 00:11:59]}
{[%emt 00:00:10]} exf4 {[%clk 01:16:43]} {[%emt 00:00:05]} 27. Qxf4 {[%clk
00:12:11]} {[%emt 00:00:18]} Kh7 {[%clk 01:17:08]} {[%emt 00:00:05]} 28. h5
{[%clk 00:12:05]} {[%emt 00:00:35]} g5 {[%clk 01:16:45]} {[%emt 00:00:54]} 29.
Qe4+ {[%clk 00:12:06]} {[%emt 00:00:29]} Kh8 {[%clk 01:17:07]} {[%emt
00:00:08]} 30. Rd7 {[%clk 00:12:05]} {[%emt 00:00:31]} Qb8 {[%clk 01:16:50]}
{[%emt 00:00:47]} 31. Rxb7 {[%clk 00:11:40]} {[%emt 00:00:55]} Qd8 {[%clk
01:16:51]} {[%emt 00:00:29]} 32. a3 {[%clk 00:10:00]} {[%emt 00:02:10]} Rc8
{[%clk 01:16:33]} {[%emt 00:00:48]} 33. Qe5 {[%clk 00:07:39]} {[%emt 00:02:49]}
Qd3 {[%clk 01:16:19]} {[%emt 00:00:45]} 34. Rf3 {[%clk 00:06:45]} {[%emt
00:01:24]} Qd1+ {[%clk 01:16:37]} {[%emt 00:00:13]} 35. Kh2 {[%clk 00:06:40]}
{[%emt 00:00:35]} Rcd8 {[%clk 01:16:39]} {[%emt 00:00:28]} 36. Re7 {[%clk
00:05:45]} {[%emt 00:01:25]} Rd4 {[%clk 01:16:13]} {[%emt 00:00:57]} 37. Qe2
{[%clk 00:01:16]} {[%emt 00:04:58]} Rh4+ {[%clk 01:15:02]} {[%emt 00:01:41]}
38. Kg3 {[%clk 00:01:26]} {[%emt 00:00:20]} Qd4 {[%clk 01:14:20]} {[%emt
00:01:12]} 39. Qe3 {[%clk 00:00:58]} {[%emt 00:00:59]} Rg4+ {[%clk 01:12:32]}
{[%emt 00:02:17]} 40. Kf2 {[%clk 00:00:40]} {[%emt 00:00:48]} Qb2+ {[%clk
01:12:47]} {[%emt 00:00:15]} 41. Qe2 {[%clk 00:00:47]} {[%emt 00:00:23]} Qd4+
{[%clk 01:13:04]} {[%emt 00:00:12]} 42. Ree3 {[%clk 00:25:58]} {[%emt
00:05:19]} Re8 {[%clk 01:42:16]} {[%emt 00:01:19]} 43. Kf1 {[%clk 00:22:43]}
{[%emt 00:03:45]} Rge4 {[%clk 01:42:15]} {[%emt 00:00:31]} 44. Qd3 {[%clk
00:15:53]} {[%emt 00:07:20]} Qa1+ {[%clk 01:40:25]} {[%emt 00:02:20]} 45. Ke2
{[%clk 00:15:12]} {[%emt 00:01:11]} Qa2+ {[%clk 01:40:32]} {[%emt 00:00:22]}
46. Qd2 {[%clk 00:13:39]} {[%emt 00:02:03]} Qc4+ {[%clk 01:40:55]} {[%emt
00:00:08]} 47. Ke1 {[%clk 00:13:03]} {[%emt 00:01:06]} Qe6 {[%clk 01:33:05]}
{[%emt 00:08:20]} 48. Kf2 {[%clk 00:11:09]} {[%emt 00:02:24]} Qg4 {[%clk
01:30:12]} {[%emt 00:03:23]} 49. Rxe4 {[%clk 00:10:20]} {[%emt 00:01:18]} Qxe4
{[%clk 01:30:38]} {[%emt 00:00:05]} 50. Kg1 {[%clk 00:09:42]} {[%emt 00:01:07]}
Qe5 {[%clk 01:29:07]} {[%emt 00:02:02]} 51. Rf1 {[%clk 00:07:59]} {[%emt
00:02:13]} Re6 {[%clk 01:27:16]} {[%emt 00:02:21]} 52. Qf2 {[%clk 00:06:33]}
{[%emt 00:01:55]} g4 {[%clk 01:25:29]} {[%emt 00:02:18]} 53. Qf4 {[%clk
00:04:02]} {[%emt 00:03:00]} Qxh5 {[%clk 01:25:29]} {[%emt 00:00:31]} 54. Qf5
{[%clk 00:03:32]} {[%emt 00:00:58]} Qxf5 {[%clk 01:22:26]} {[%emt 00:03:35]}
55. Rxf5 {[%clk 00:03:56]} {[%emt 00:00:05]} g3 {[%clk 01:22:52]} {[%emt
00:00:05]} 56. Rf3 {[%clk 00:04:14]} {[%emt 00:00:12]} Re1+ {[%clk 01:22:43]}
{[%emt 00:00:39]} 57. Rf1 {[%clk 00:04:38]} {[%emt 00:00:06]} Re6 {[%clk
01:23:03]} {[%emt 00:00:11]} 58. Rc1 {[%clk 00:04:56]} {[%emt 00:00:11]} Rc6
{[%clk 01:23:26]} {[%emt 00:00:06]} 59. a4 {[%clk 00:04:26]} {[%emt 00:01:01]}
Kh7 {[%clk 01:23:51]} {[%emt 00:00:04]} 60. b5 {[%clk 00:04:51]} {[%emt
00:00:06]} Rc8 {[%clk 01:24:16]} {[%emt 00:00:05]} 1-0